| 000 | 00586nam a2200241Ia 4500 | ||
|---|---|---|---|
| 008 | 170203s9999 xx 000 0 und d | ||
| 020 | _a9780545237581 | ||
| 050 | _a590 | ||
| 050 | _bB496f 2010 | ||
| 100 | _aBerger, Melvin. | ||
| 245 | _a101 freaky animals / | ||
| 245 | _cby Melvin & Gilda Berger. | ||
| 260 | _aNew York : | ||
| 260 | _bScholastic Inc. | ||
| 260 | _c2010 | ||
| 300 | _a112 pages : | ||
| 300 | _bcolor illustrations ; | ||
| 300 | _c26 cm. | ||
| 650 | _aAnimals -- | ||
| 650 | _aAnimals. | ||
| 650 | _aWildlife. | ||
| 650 | _xJuvenile literature. | ||
| 999 |
_c305966 _d305966 |
||